00396nam a2200157Ia 4500001000500000005001700005008004100022041000800063082001600071100003400087245006400121260000900185300002800194650000800222654000800230136920260306143723.0260306t1998||||xx |||||||||||||| ||spa|| aESP a196.1bO73Q aOrtega y Gasset, José.eAUT 0a¿Qué es la filosofía?:bUnas lecciones de metafísica c1998 a209 páginas :c21 cm. aGEN aCHU